Vývoj obyvateľstva v Slovenskej republike 2003
Uložené v:
| Médium: | Kniha |
|---|---|
| Jazyk: | Slovak |
| Vydavateľské údaje: |
Bratislava
Štatistický úrad Slovenskej republiky
2004
|
| Edícia: | Demografia a sociálna štatistika
|
| Predmet: | |
| Tagy: |
Žiadne tagy, Buďte prvý, kto otaguje tento záznam!
|
MARC
| LEADER | 00000nam a2200000 4500 | ||
|---|---|---|---|
| 001 | 0017619 | ||
| 005 | 20240104094533.3 | ||
| 041 | 0 | |a slo | |
| 044 | |a SK | ||
| 245 | 1 | 0 | |a Vývoj obyvateľstva v Slovenskej republike 2003 |
| 264 | 1 | |a Bratislava |b Štatistický úrad Slovenskej republiky |c 2004 | |
| 300 | |a 77 s. | ||
| 490 | 1 | |a Demografia a sociálna štatistika | |
| 830 | 0 | |a Demografia a sociálna štatistika | |
| 610 | 2 | 0 | |a štatistika |
| 610 | 2 | 0 | |a údaje štatistické |
| 610 | 2 | 0 | |a tabuľky štatistické |
| 610 | 2 | 0 | |a demografia |
| 610 | 2 | 0 | |a manželstvo |
| 610 | 2 | 0 | |a pôrodnosť |
| 610 | 2 | 0 | |a úmrtnosť |
| 610 | 2 | 0 | |a migrácia |
| 610 | 2 | 0 | |a obyvateľstvo |
| 610 | 2 | 0 | |a prognózy |
| 610 | 2 | 0 | |a Slovensko |
| 610 | 2 | 0 | |a 2003 |